Learning Resource and Development

Patricio M. Janer / (Record no. 26950)

MARC details
000 -LEADER
fixed length control field 01235nam a2200325 i 4500
003 - CONTROL NUMBER IDENTIFIER
control field CSPC
005 - DATE AND TIME OF LATEST TRANSACTION
control field 20240206165413.0
008 - FIXED-LENGTH DATA ELEMENTS--GENERAL INFORMATION
fixed length control field 240205s2020 ph a 000 0 eng d
010 ## - LIBRARY OF CONGRESS CONTROL NUMBER
LC control number 2021346847
020 ## - INTERNATIONAL STANDARD BOOK NUMBER
International Standard Book Number 9789719913979
040 ## - CATALOGING SOURCE
Transcribing agency CSPC
Original cataloging agency CSPC
Language of cataloging eng
Description conventions rda
050 00 - LIBRARY OF CONGRESS CALL NUMBER
Classification number R621.J36
Item number B37 2020
082 04 - DEWEY DECIMAL CLASSIFICATION NUMBER
Classification number 610.92
Item number B232p
100 1# - MAIN ENTRY--PERSONAL NAME
Personal name Barbaza, Raniela Evangelista,
Relator term author.
245 10 - TITLE STATEMENT
Title Patricio M. Janer /
Statement of responsibility, etc. Raniela Evangelista Barbaza, writer.
264 #1 - PRODUCTION, PUBLICATION, DISTRIBUTION, MANUFACTURE, AND COPYRIGHT NOTICE
Place of production, publication, distribution, manufacture Naga City, Philippines :
Name of producer, publisher, distributor, manufacturer Ateneo de Naga University Press,
Date of production, publication, distribution, manufacture, or copyright notice 2020.
300 ## - PHYSICAL DESCRIPTION
Extent 29 pages :
Other physical details illustrations ;
Dimensions 23 cm.
336 ## - CONTENT TYPE
Source rdacontent
Content type term text
337 ## - MEDIA TYPE
Source rdamedia
Media type term unmediated
338 ## - CARRIER TYPE
Source rdacarrier
Carrier type term volume
490 0# - SERIES STATEMENT
Series statement Bikolnon biography series ;
Volume/sequential designation no. 13
504 ## - BIBLIOGRAPHY, ETC. NOTE
Bibliography, etc. note Includes bibliographical references (pages 26-27).
546 ## - LANGUAGE NOTE
Language note In English.
600 10 - SUBJECT ADDED ENTRY--PERSONAL NAME
Personal name Janer, Patricio Martinez,
Dates associated with a name 1882-1965.
650 #0 - SUBJECT ADDED ENTRY--TOPICAL TERM
Topical term or geographic name entry element Physicians
Geographic subdivision Philippines
Form subdivision Biography.
651 #0 - SUBJECT ADDED ENTRY--GEOGRAPHIC NAME
Geographic name Bicol (Philippines : Region)
710 2# - ADDED ENTRY--CORPORATE NAME
Corporate name or jurisdiction name as entry element Ateneo de Naga University Press,
Relator term publisher.
942 ## - ADDED ENTRY ELEMENTS (KOHA)
Source of classification or shelving scheme Dewey Decimal Classification
Koha item type Books
Classification part 610.92
Call number prefix BKL
Call number suffix 2020
Suppress in OPAC No
Holdings
Withdrawn status Lost status Source of classification or shelving scheme Damaged status Not for loan Home library Current library Shelving location Date acquired Total Checkouts Full call number Barcode Date last seen Copy number Price effective from Koha item type
    Dewey Decimal Classification     Main Library Main Library Bikoliana Section 02/05/2024   BKL 610.92 B232p 2020 027054 02/05/2024 1-5 02/05/2024 Books
    Dewey Decimal Classification     Main Library Main Library Bikoliana Section 02/05/2024   BKL 610.92 B232p 2020 027055 02/05/2024 2-5 02/05/2024 Books
    Dewey Decimal Classification     Main Library Main Library Bikoliana Section 02/05/2024   BKL 610.92 B232p 2020 027056 02/05/2024 3-5 02/05/2024 Books
    Dewey Decimal Classification     Main Library Main Library Bikoliana Section 02/05/2024   BKL 610.92 B232p 2020 027057 02/05/2024 4-5 02/05/2024 Books
    Dewey Decimal Classification     Main Library Main Library Bikoliana Section 02/05/2024   BKL 610.92 B232p 2020 027058 02/05/2024 5-5 02/05/2024 Books